LEADER 01033nam0-22003731i-450- 001 990003907330403321 005 20080204115754.0 010 $a88-430-1241-X 035 $a000390733 035 $aFED01000390733 035 $a(Aleph)000390733FED01 035 $a000390733 100 $a20030910d1999----km-y0itay50------ba 101 0 $aita 102 $aIT 105 $a--------001cy 200 1 $aStress e burnout$fAlberto Rossati, Gerardo Magro 205 $a1. ed. 210 $aRoma$cCarocci$d1999 215 $a187 p.$cfig.$d20 cm 225 1 $aOccasioni$v4 320 $aContiene bibl. (pp. 169-181) e indice degli argomenti 610 0 $aSTRESS 610 0 $aINSEGNANTI$aProfessione$aAspetti psicologici 676 $a158.72$v21$zita 700 1$aRossati,$bAlberto$0147276 701 1$aMagro,$bGerardo$0382679 801 0$aIT$bUNINA$gRICA$2UNIMARC 901 $aBK 912 $a990003907330403321 952 $a158.72 ROS 1$b980$fBFS 959 $aBFS 996 $aStress e burnout$9516084 997 $aUNINA LEADER 01616nam 2200481 450 001 9910465877103321 005 20200520144314.0 010 $a3-11-051002-2 024 7 $a10.1515/9783110510027 035 $a(CKB)3710000000981829 035 $a(MiAaPQ)EBC5156951 035 $a(DE-B1597)472176 035 $a(OCoLC)979638035 035 $a(DE-B1597)9783110510027 035 $a(Au-PeEL)EBL5156951 035 $a(CaPaEBR)ebr11605127 035 $a(OCoLC)1051135720 035 $a(EXLCZ)993710000000981829 100 $a20180921d1997 uy 0 101 0 $ager 135 $aurcnu|||||||| 181 $ctxt$2rdacontent 182 $cc$2rdamedia 183 $acr$2rdacarrier 200 10$aS-Plus $elearning by doing : eine Anleitung zum Arbeiten mit S-PLUS /$fFred Bo?ker 205 $aReprint 2016 210 1$aStuttgart :$cLucius & Lucius,$d[1997] 210 4$dİ1997 215 $a1 online resource (144 pages) 311 $a3-8282-0049-4 327 $tFrontmatter -- $tVorwort -- $tInhaltsverzeichnis -- $tVerzeichnis der S-PLUS-Boxen -- $tWas ist S-PLUS? -- $tWas will dieses Buch? -- $tTutorial -- $tLiteratur -- $tAnhang -- $tIndex -- $tBackmatter 606 $aMATHEMATICS / Probability & Statistics / Stochastic Processes$2bisacsh 608 $aElectronic books. 615 7$aMATHEMATICS / Probability & Statistics / Stochastic Processes. 676 $a519.5028553 700 $aBo?ker$b Fred$01057530 801 0$bMiAaPQ 801 1$bMiAaPQ 801 2$bMiAaPQ 906 $aBOOK 912 $a9910465877103321 996 $aS-Plus$92492913 997 $aUNINA